| 000 | 00715nam a2200205 a 4500 | ||
|---|---|---|---|
| 005 | 20241016063730.0 | ||
| 008 | 150218s1997 mx r 000 0 spa d | ||
| 020 | _a9264454810 | ||
| 035 | _aUPN01000201817 | ||
| 049 | _aCG | ||
| 050 | 4 |
_aHC175 _bV4.2 |
|
| 100 | 1 |
_aVéganzonès, Marie-Ange _936689 |
|
| 245 | 1 | 0 |
_aArgentina en el siglo XX : _bcrónica de un crecimiento anunciado / _cMarie-Ange Véganzonès, Carlos Winograd. |
| 260 |
_aFrancia : _bOCDE, _cc1997. |
||
| 300 | _a305 p. | ||
| 440 | 0 |
_aEstudios del Centro de Desarrollo. _pCrecimiento de Largo Plazo ; _v97 |
|
| 651 | 4 |
_aARGENTINA - _xCONDICIONES ECONOMICAS - _ySIGLO XX _97801 |
|
| 650 | 0 |
_aDesarrollo económico _zArgentina _922001 |
|
| 905 | _aLibro | ||
| 999 |
_c173918 _d173918 |
||